| 000 | 00555nam a22001577a 4500 | ||
|---|---|---|---|
| 005 | 20260424102522.0 | ||
| 008 | 260424b |||||||| |||| 00| 0 eng d | ||
| 020 | _a0435900501 | ||
| 050 |
_aE169.1 _b.C53 |
||
| 100 | _aJ. P. Clark-Bekederemo | ||
| 245 | _aAmerica, Their America | ||
| 260 |
_aLondon _bHeinemann Educational in association with Andre Deutsch _c1964 |
||
| 300 | _a224 pages | ||
| 650 |
_aHistory of the Americas _vUnited States history & general description _xUnited States—Civilization, social life and customs (general work) |
||
| 942 | _cBK | ||
| 999 |
_c4699 _d4699 |
||